Viaje a Portugal / (Registro nro. 11140)

Detalles MARC
000 -LIDER
fixed length control field 01176nam a2200385 b 4500
001 - NÚMERO DE CONTROL
Identificador de número de control 0000608
003 - IDENTIFICACDOR DE NÚMERO DE CONTROL
control field DO-SdBNP
005 - DATE AND TIME OF LATEST TRANSACTION
control field 20180123092851.0
007 - CAMPOS FIJOS DE DESCRIPCIÓN FÍSICA
fixed length control field 0000608
008 - ELEMENTOS DE LONGITUD FIJA
fixed length control field 050617 1999 sp spa
017 ## - NÚMERO DE REGISTRO DE DERECHOS DE AUTOR
Copyright or legal deposit number
Assigning agency
020 ## - ISBN
International Standard Book Number 8481302198
035 ## - NÚMERO LOCAL
System control number
040 ## - FUENTE DE CATALOGACIÓN
Agencia que crea de manera original el registro BPMSU
Idioma de catalogación spa
Agencia que realiza la transcripción BPMSU
Convenciones de la despripción
082 ## - NÚMERO DE CLASIFICACIÓN DECIMAL DE DEWEY
Classification number 896.342
Item number S243vi
100 1# - ASIENTO PRINCIPAL -- NOMBRE PERSONAL
Nombre personal Saramago, José,
Fechas asociadas con el nombre 1922-2010
240 10 - TITULO UNIFORME
Título uniforme Viagem a Portugal
Subencabezamiento de forma
Idioma de una obra Español
245 10 - MENCIÓN DE TITULO
Título Viaje a Portugal /
Medio (Designación general de material)
Mención de responsabilidad José Saramago ; traducción Basilio Losada ; prólogo Claudio Magris
260 ## - PUBLICACIÓN, DISTRIBUCIÓN, ETC. (PIE DE IMPRENTA)
Lugar de publicación, distribución, etc Madrid :
Nombre del editor, distribuidor, etc. Unidad editorial,
Fecha de publicación, distribución, etc 1999.
300 ## - DESCRIPCIÓN FÍSICA
Extensión 413 p. :
Dimensiones 21 cm
490 1# - MENCIÓN DE SERIES
Mención de serie Millenium/ las 100 joyas del milenio
Volume/sequential designation 98
490 1# - MENCIÓN DE SERIES
Mención de serie Biblioteca el mundo
500 ## - NOTA GENERAL
Nota general Incluye notas.
500 ## - NOTA GENERAL
Nota general Incluye índice
586 ## - AWARDS NOTE
Awards note Premio Nobel de Literatura 1998.
650 ## - ENCABEZAMIENTO DE MATERIA--TEMÁTICO
Término temático o nombre geográfico como elemento de entrada NOVELA PORTUGUESA
650 ## - ENCABEZAMIENTO DE MATERIA--TEMÁTICO
Término temático o nombre geográfico como elemento de entrada LITERATURA PORTUGUESA
700 12 - ASIENTO SECUNDARIO -- NOMBRE PERSONAL
Nombre personal Losada, Basilio,
Mención de responsabilidad tr.
700 12 - ASIENTO SECUNDARIO -- NOMBRE PERSONAL
Nombre personal Magris, Claudio
Mención de responsabilidad pról.
830 #0 - ASIENTO SECUNDARIO DE SERIE--TÍTULO UNIFORME
Título uniforme Millenium/ las 100 joyas del milenio
Número de la parte o sección de una obra 98
830 #0 - ASIENTO SECUNDARIO DE SERIE--TÍTULO UNIFORME
Título uniforme Biblioteca el mundo
942 ## - ADDED ENTRY ELEMENTS (KOHA)
Source of classification or shelving scheme Dewey Decimal Classification
Koha item type Libros
945 ## - INFORMACIÓN DE PROCESAMIENTO LOCAL
Información de procesamiento local Inventariado extranjero / 2018 VM
956 ## - LOCAL ELECTRONIC LOCATION AND ACCESS (OCLC)
Nombre de host YLOCKWARD
Número de acceso 10
Trayectoria BPMSU
Nombre Electrónico 00144
Existencias
Withdrawn status Lost status Source of classification or shelving scheme Damaged status Not for loan Collection code Home library Current library Date acquired Source of acquisition Total Checkouts Full call number Barcode Date last seen Price effective from Koha item type
    Dewey Decimal Classification     Colección General Biblioteca Pública Metropolitana Salomé Ureña Biblioteca Pública Metropolitana Salomé Ureña 08/10/2016 Donativo-FUNDI   896.342 S243vi BPMSU16080150 08/10/2016 08/10/2016 Libros